000 00669nam a2200289Ia 4500
005 20260324124008.0
008 008 260324s9999 xx 000 0 eng d
020 _a9781315593029
037 _aEBOOK
040 _aCRL
040 _beng
040 _cCRL
041 _2eng
041 _aeng
084 _qCRL
100 _aAidan Nichols O. P.
_91172446
245 0 _aLost in Wonder
245 0 _bEssays on Liturgy and the Arts
260 _bTaylor and Francis
260 _c2011
365 _a
365 _b240
856 _uhttp://www.taylorfrancis.com/books/9781315593029
942 _cEBOOK
999 _c1766450
_d1766450